header

The boys from little Mexico (Record no. 191620)

MARC details
000 -LEADER
fixed length control field 01380nam a2200349Ia 4500
082 04 - DEWEY DECIMAL CLASSIFICATION NUMBER
Classification number 796.334/620979537
100 1# - MAIN ENTRY--AUTHOR NAME
Personal name Wilson, Steve,
245 14 - TITLE STATEMENT
Title The boys from little Mexico
260 ## - PUBLICATION, DISTRIBUTION, ETC. (IMPRINT)
Place of publication Boston :
Name of publisher Beacon Press,
Year of publication c2010.
300 ## - PHYSICAL DESCRIPTION
Number of Pages xiv, 225 p.
650 #0 - SUBJECT ADDED ENTRY--TOPICAL TERM
Topical Term Soccer
Topical Term School sports
Topical Term Soccer
Topical Term Soccer players
Topical Term Illegal aliens
856 40 - ELECTRONIC LOCATION AND ACCESS
Uniform Resource Identifier http://site.ebrary.com/lib/rucke/Doc?id=10392362

No items available.

© 2026 Rongo University
Contact us: librarian | system librarian | Rongo university